000
00300nam a2200121Ia 4500
008
220204s9999 xx 000 0 und d
082
_a
523.4
_b
HAN
100
_a
ALFVEN, Kerstin
245
0
_a
Living on the third planet
260
_a
San Francisco
_c
WH Freeman;1972
700
_a
HANNES
942
_c
BK
999
_c
25497
_d
25497